Score 0/24 Timer 07:00
5 Plays Today
% Correct
Family Guy
95.1%
South Park
94.3%
The Simpsons
94.1%
Friends
92.9%
Seinfeld
91.7%
How I Met Your Mother
88.9%
Full House
88.5%
King of the Hill
87.1%
Home Improvement
86%
Scrubs
85.7%
The Fresh Prince of Bel-Air
84%
Boy Meets World
77.9%
% Correct
House of Cards
77.4%
That '70s Show
77.1%
Cheers
75.7%
Parks and Recreation
75.3%
Magnum, P.I.
69.6%
30 Rock
64.8%
Black-ish
63.6%
Entourage
62.5%
The Last Man on Earth
51%
The Odd Couple
44%
The Goldbergs
39%
Raising Hope
31.9%

You're not logged in!

Compare scores with friends on all Sporcle quizzes.
OR
Log In

Sporcle TV

Today on Sporcle TV


Watch our educational content, quiz creation guides, and fun videos on Sporcle TV.

Show Comments

Extras

Top Quizzes Today


Score Distribution

Paid Content

Your Account Isn't Verified!

In order to create a playlist on Sporcle, you need to verify the email address you used during registration. Go to your Sporcle Settings to finish the process.

Report this User

Report this user for behavior that violates our Community Guidelines.

Details: